ბათუმის შოთა რუსთაველის სახელმწიფო უნივერსიტეტის ბიბლიოთეკა

კონსტიტუციის საიდუმლოებანი = The mysteries of constitution : (ბიბ.ჩანაწერი № 57620)

000 -ლიდერი
ფიქსირებული სიგრძის საკონტროლო ველი 01221nam a22002297a 4500
003 - საკონტროლო ნომრის იდენტიფიკატორი
საკონტროლო ველი Ge_BSU
005 - ბოლო ოპერაციის თარიღი და დრო
საკონტროლო ველი 20200818144122.0
008 - ფიქსირებული სიგრძის მონაცემთა ელემენტები - ზოგადი ინფორმაცია
ფიქსირებული სიგრძის საკონტროლო ველი 200818s2019 ge ||||| |||| 00| 0 geo d
020 ## - წიგნის საერთაშორისო სტანდარტული ნომერი
International Standard Book Number 9789941963889
041 ## - ენის კოდი
Language code of text/sound track or separate title geo
080 ## - უნივერსალური ათობითი კლასიფიკაციის ინდექსი
Universal Decimal Classification number 342.4 (042) გ. 59
100 ## - მთავარი ჩანაწერი - პიროვნების სახელი
Personal name გოგიაშვილი, გიორგი
9 (RLIN) 7880
245 ## - ცნობა სათაურის შესახებ
Title კონსტიტუციის საიდუმლოებანი = The mysteries of constitution :
Remainder of title ლექციები შედარებით-კონსტიტუციურ სამართალში /
Statement of responsibility, etc გიორგი გოგიაშვილი; სამეცნ. რედ. მინდია უგრეხელიძე.
250 ## - გამოცემის ცნობა
Edition statement მეორე გამოცემა
264 ## - წარმოების, გამოცემის, დისტრიბუციის და სხვა ცნობები
გამოცემის, წარმოების, დისტრიბუციის... ადგილი თბილისი :
გამოცემის, წარმოების, დისტრიბუციის... სახელწოდება იურისტების სამყარო,
გამოცემის, წარმოების, დისტრიბუციის... თარიღი 2019.
300 ## - ფიზიკური აღწერა
Extent 565 გვ.
Other physical details 24 სმ.
520 ## - SUMMARY, ETC.
Summary, etc რეზიუმე ინგლ. ენ.
653 ## - INDEX TERM--UNCONTROLLED
Uncontrolled term ონსტიტუციის საიდუმლოებანი
653 ## - INDEX TERM--UNCONTROLLED
Uncontrolled term სამართალი
700 ## - ADDED ENTRY--PERSONAL NAME
Personal name უგრეხელიძე, მინდია
Relator term რედაქტორი
9 (RLIN) 6958
942 ## - ADDED ENTRY ELEMENTS (KOHA)
Source of classification or shelving scheme
Koha item type წიგნი
ეგზემპლარები
ჩამოწერის სტატუსი დაკარგული ეგზემპლარის სტატუსი კლასიფიკაციის წყარო ან თაროზე გაწყობის სქემა დაზიანების სტატუსი არ გაიცემა მუდმივი მდებარეობა (დაცვის ადგილი) ამჟამინდელი ადგილსამყოფელი თაროზე განთავსების ადგილი შეძენის თარიღი ღირებულება, შესყიდვის ნორმალური ფასი სრული შენახვის შიფრი შტრიხკოდი ბოლო ოპერაციის თარიღი ეგზემპლარის მიმდევრობითი ნომერი (კეტერი?) ფასის ძალაში შესვლის თარიღი ეგზემპლარის სახეობა საჯარო შენიშვნა
          ბათუმის შოთა რუსთაველის სახელმწიფო უნივერსიტეტის მთავარი ბიბლიოთეკა ბათუმის შოთა რუსთაველის სახელმწიფო უნივერსიტეტის მთავარი ბიბლიოთეკა წიგნსაცავი 2020-08-18 31.00 342.4 (042) გ. 59 60860 2020-08-18 60860 2020-08-18 წიგნი 31 ლ.